000 00435nam a2200157Ia 4500
008 221030s9999 xx 000 0 und d
041 _aEnglish
082 _a105.23
_bPal
100 _aB. P. Pal
245 0 _aFiber Optics in Telecommunication & Sensor Systems ( DEPARTMENTAL )
_cby B. P. Pal
250 _a1st
260 _bNew Age International Pub.
_aNew Delhi
_c2005
300 _a778
650 _aECE Departmental
942 _cBK
999 _c4744
_d4744